000 00459nam a2200181Ia 4500
001 17041
003 IN-NITTTR
005 20251114233201.0
008 251113s9999||||xx |||||||||||||| ||eng||
040 _beng
040 _cIN-NITTTR
041 _aeng
082 _a004.2 G154S R
100 _aGane, Chris
245 0 _aStructured systems analysis :
_b tools and techniques. /
_cGane, Chris, Sarson, Trish
700 _a Sarson, Trish
942 _2ddc
_cBK
999 _c19675
_d19675